Gruss an meine Heimat humoristische Gedichte in schwäbischer Mundart /

Elmentve itt :
Bibliográfiai részletek
Szerző: Wagner János
További közreműködők: Mühlbeck Karl
Dokumentumtípus: Könyv
Megjelent: Verfasser Szeged, Magyarország 1928
Kulcsszavak:Német irodalom - Magyarország - vers, Német nyelvjárás - sváb - Magyarország - vers
Tárgyszavak:
Online Access:http://misc.bibl.u-szeged.hu/57921
LEADER 00804nam a2200205 i 4500
001 misc57921
005 20210527181144.0
008 210527s1928 hu o 0|| ger d
040 |a SZTE Miscellanea Repozitórium  |b hun 
041 |a ger 
100 1 |a Wagner János 
245 1 0 |a Gruss an meine Heimat   |h [elektronikus dokumentum] :  |b humoristische Gedichte in schwäbischer Mundart /  |c  Wagner János 
260 |a Verfasser  |b Szeged, Magyarország  |c 1928 
300 |a 112 p.  |c 25 cm 
650 4 |a Bölcsészettudományok 
650 4 |a Nyelvek és irodalom 
650 4 |a Általános irodalomtudományok 
695 |a Német irodalom - Magyarország - vers, Német nyelvjárás - sváb - Magyarország - vers 
700 0 1 |a Mühlbeck Karl 
856 4 0 |u http://misc.bibl.u-szeged.hu/57921/1/xb_185617.pdf  |z Dokumentum-elérés